Score 0/18 Timer 04:00
0 Plays Today
Hint Answer % Correct
Teenage ____ Ninja TurtlesMutant
96.8%
The _____ HulkIncredible
95.8%
Men in _____Black
95.1%
Fantastic _____Four
94.5%
X-Men: The ____ StandLast
92.3%
V for _____Vendetta
90.1%
The ______ Spider-ManAmazing
87.7%
Alien vs. _____Predator
85%
Man of ____Steel
82.5%
Hint Answer % Correct
Scott _____ vs. the WorldPilgrim
80.4%
The League of ____ GentlemenExtraordinary
80.2%
30 ____ of NightDays
79.8%
Howard the _____Duck
74.2%
Thor: The ____ WorldDark
71.8%
Batman _____Forever
60.5%
Mystery ____Men
58.6%
Hellboy II: The _____ ArmyGolden
40.1%
_____ HellFrom
33.3%

Today's Daily Dose

Remove Ads.
Support Sporcle.
Get the best of Sporcle when you Go Orange. This ad-free experience offers more features, more stats, and more fun while also helping to support Sporcle. Thank you for becoming a member.

You're not logged in!

Compare scores with friends on all Sporcle quizzes.
OR
Log In

Show Comments

Extras

Top Quizzes Today


Score Distribution

Your Account Isn't Verified!

In order to create a playlist on Sporcle, you need to verify the email address you used during registration. Go to your Sporcle Settings to finish the process.

Report this User

Report this user for behavior that violates our Community Guidelines.

Details: